Normal view
MARC view
Entry Personal Name
001 - CONTROL NUMBER
- control field: 6085
003 - CONTROL NUMBER IDENTIFIER
- control field: BD-RjUL
005 - DATE AND TIME OF LATEST TRANSACTION
- control field: 20221130110629.0
008 - FIXED-LENGTH DATA ELEMENTS
- fixed length control field: 221130|| aca||aabn | a|a d
040 ## - CATALOGING SOURCE
- Original cataloging agency: BD-RjUL
- Transcribing agency: BD-RjUL
100 ## - HEADING--PERSONAL NAME
- Personal name: Abū Nuʻaym al-Iṣbahānī, Aḥmad ibn ʻAbd Allāh,
- Dates associated with a name: 948-1038
670 ## - SOURCE DATA FOUND
- Source citation: Work cat.: (BD-RjUL)80866: 880-01 Abū Nuʻaym al-Iṣbahānī, Aḥmad ibn ʻAbd Allāh, 948-1038, author., /ابو نعيم احمد بن عبدالله بن احمد بن اسحاق الاصبهاني = Geschichte Iṣbahāns /